Elecciones separadas y voto residencial

שמור ב:
מידע ביבליוגרפי
פורמט: Texto
תגים: הוספת תג
אין תגיות, היה/י הראשונ/ה לתייג את הרשומה!

MARC

LEADER 00000 a a2200000 04500
001 6815
003
040
245 |a Elecciones separadas y voto residencial  
773 |g volumen 28, número 1246; páginas 4-5  
999 |c 32334  |d 32334